| 000 | 00399pab a2200145 454500 | ||
|---|---|---|---|
| 008 | 180718b2002 xxu||||| |||| 00| 0 eng d | ||
| 100 | _aGiri, Ananta Kumar | ||
| 245 | _aRule of law and Indian society: colonial encounters, post-colonial experiments and beyond | ||
| 260 | _c2002 | ||
| 300 | _ap.1-27. | ||
| 362 | _aMar | ||
| 650 | _aRule of law | ||
| 773 | _aMan and Development | ||
| 909 | _a52203 | ||
| 999 |
_c52203 _d52203 |
||